000 01703nam a22002777a 4500
005 2010080206136.0
010 _aENG-97643 B-424882-884
020 _a9788184351286
_c625.00
035 _aEN-81176
035 _a B-424882-884
037 _bDBAD/PUB
037 _bResearchco Book Centre
082 _a809.933822943
100 _aBarat, Ananda Prabha
_932067
245 _aIvory in gold :
_ba study of keats, huxley, kerouac raja rao,ginsberg /
_cby Ananda Prabha Barat
260 _aNew Delhi
_bAdhyayan Publishers
_c2009
270 _a4378/4B,105, JMD House, Murari Lal Street, Ansari Road, Darya Ganj
_bNew Delhi
_e110002
300 _axvi,188p.
_c22cm (Hb)
500 _aIncludes bibliographical refrences and index
942 _2ddc
_cEN
_h809.933822943
_mBAR
999 _c38669
_d38669